00129nam a22000737a 4500082001500000100000800015245002400023300000800047 a622.334IPI aIPI aCoal technology 86 a522